00582nam a2200157Ia 450000500170000000800410001708200130005810000380007124500500010926000630015930000180022250000640024094200060030495200990031099900150040920250405144629.0240331s9999 xx 000 0 und d bTHAa894 aHindu Samaiya Kalasara Thenikalam 0aThamilarignar vipulananthar vaalvum panikalum aColombobIndusamaiya Kalachara Aluvalkal Thinaikalamc1992 aXii, 190 p ., aVipulanthar valvum panikalum - ( Ninaivu Kadoorai thoguppu) cL 001040708LaWERCLbWERCLcSSCd2024-03-31l0o 894.811 THAp1542r2024-03-31w2024-03-31yL c4189d4189